000 00786cam a2200217 4500
001 WB3647-07
008 000000n2000 000 0 eng u
035 _a(Sirsi) u109572
245 _aProperty lending at highest since 1980s
260 _c2000
490 _aTimes
_v 24 November 2000
520 _aDescribes how, according to the latest figures from the Bank of England, bank lending to property companies has reached its highest level since the 1980s property boom.
590 _aWB
650 _aBANK LENDING
650 _aPROPERTY COMPANIES
650 _aPROPERTY DEBT
650 _aPROPERTY-COMMERCIAL PROPERTY-OFFICE PROPERTY-OFFICE PROPERTY MARKET
650 _aSUPPLY AND DEMAND
690 _aPROPERTY-COMMERCIAL PROPERTY-COMMERCIAL PROPERTY MARKET
942 _n0
999 _c65415
_d65415